000 00565nam a2200217Ia 4500
003 OSt
005 20220918192055.0
006 a|||||r|||| 00| 0
007 ta
008 220917b |||||||| |||| 00| 0 eng d
024 _a66,909
037 _cTextual
040 _aARTS
_cARTS
_beng
041 _2eng
_aeng
082 _aR2z7, L2
100 _aMarras Ausonio ed
_978281
245 0 _aIntentionality, mind, and language edited by Ausonio Marras
260 _c1972
942 _hR2z7, L2
_cTEXL
_2CC
999 _c193142
_d193142